Szuperlézerről s parlamentben
Elmentve itt :
| Dokumentumtípus: | Cikk |
|---|---|
| Megjelent: |
2009-10-06
|
| Sorozat: | Délmagyarország
99 No. 234 |
| Kulcsszavak: | ELI, lézerkutató központ |
| Online Access: | http://dmarchiv.bibl.u-szeged.hu/128644 |
| LEADER | 00415nab a2200145 i 4500 | ||
|---|---|---|---|
| 001 | delm128644 | ||
| 005 | 20200131125817.0 | ||
| 008 | 200131s2009 hu o 0|| hun d | ||
| 040 | |a SZTE Délmagyarország Archívum |b hun | ||
| 041 | |a hun | ||
| 245 | 0 | 0 | |a Szuperlézerről s parlamentben |h [elektronikus dokumentum] |
| 260 | |c 2009-10-06 | ||
| 300 | |a 3 | ||
| 490 | 0 | |a Délmagyarország |v 99 No. 234 | |
| 695 | |a ELI, lézerkutató központ | ||